000 00704nam a22002411 4500
001 sa 68001168
003 DLC
005 20260227112431.0
008 710903m19679999ii a 00010 eng
010 _asa 68001168
025 _aPL480:I-E-8769
043 _aa-ii---
050 0 _aJQ298.I5
_bI77
082 _a328.54
100 2 0 _aIswara Dutt, Kunduri,
_d1898-1968.
245 1 0 _aCongress cyclopaedia:
_bthe Indian National Congress, 1885-1920,
_cby K. Iswara Dutt.
260 0 _aNew Delhi
_c[1967-
300 _av.
_billus.
_c29 cm.
350 _aRS50
_a$6.75 (v. 1)
505 1 _av. 1. The pre-Gandhi era.
610 2 0 _aIndian National Congress.
651 0 _aIndia
_xPolitics and government.
999 _c77764
_d77764